00686cam a22002052 450000100060000000300080000600500170001400800390003103500190007004000330008904100080012208200180013010000490014824500940019726000520029130000350034350400200037865000280039870000540042614309BD-RjUL20211208235615.0140205s1965 njua 001 0 eng a(BD-RjUL)14361 aDLCcCarPdDLCdBD-RjULbeng aeng a621.3815bBEI1 aBenedict, Reginald Ralph. [from old catalog]10aIndustrial electronic circuits and applications /cR. Ralph Benedict [and] Nathan Weiner. aEnglewood Cliffs, N.J. :bPrentice-Hall,c1965. axv, 527 p. :billus. ;c24 cm. aIncludes index. 0aIndustrial electronics.1 aWeiner, Nathan, [from old catalog]ejoint author.